000 00268nam a22001217a 4500
041 _aENG
100 _aSrivastava.R.C
245 _aNon-Equlium Thermodynamics In Soil Physics
260 _aNew Delhi
_bOxford &IBH
_c1973
300 _a195
650 _a48
856 _u48
999 _c3103
_d3103